|
|
|
|
| LEADER |
00000cam a22000004a 4500 |
| 001 |
musev2_89923 |
| 003 |
MdBmJHUP |
| 005 |
20230905053003.0 |
| 006 |
m o d |
| 007 |
cr||||||||nn|n |
| 008 |
210416s2021 xx o 00 0 eng d |
| 020 |
|
|
|a 9780813233697
|
| 020 |
|
|
|z 9780813233680
|
| 035 |
|
|
|a (OCoLC)1246283566
|
| 040 |
|
|
|a MdBmJHUP
|c MdBmJHUP
|
| 245 |
0 |
0 |
|a Syriac Christian Culture :
|b Beginnings to Renaissance
|
| 264 |
|
1 |
|a [S.l.] :
|b CATHOLIC UNIV OF AMER P,
|c 2021.
|
| 264 |
|
3 |
|a Baltimore, Md. :
|b Project MUSE,
|c 2021
|
| 264 |
|
4 |
|c ©2021.
|
| 300 |
|
|
|a 1 online resource.
|
| 336 |
|
|
|a text
|b txt
|2 rdacontent
|
| 337 |
|
|
|a computer
|b c
|2 rdamedia
|
| 338 |
|
|
|a online resource
|b cr
|2 rdacarrier
|
| 588 |
|
|
|a Description based on print version record.
|
| 651 |
|
7 |
|a Syria.
|2 fast
|0 (OCoLC)fst01208757
|
| 651 |
|
0 |
|a Syria
|x Church history
|v Congresses.
|
| 650 |
|
7 |
|a Church history
|x Primitive and early church.
|2 fast
|0 (OCoLC)fst01710945
|
| 650 |
|
7 |
|a Church history
|x Middle Ages.
|2 fast
|0 (OCoLC)fst01710943
|
| 650 |
|
0 |
|a Church history
|y Middle Ages, 600-1500
|v Congresses.
|
| 650 |
|
0 |
|a Church history
|y Primitive and early church, ca. 30-600
|v Congresses.
|
| 655 |
|
7 |
|a Conference papers and proceedings.
|2 fast
|0 (OCoLC)fst01423772
|
| 655 |
|
7 |
|a Church history.
|2 fast
|0 (OCoLC)fst01411629
|
| 655 |
|
7 |
|a Electronic books.
|2 local
|
| 710 |
2 |
|
|a Project Muse.
|e distributor
|
| 830 |
|
0 |
|a Book collections on Project MUSE.
|
| 856 |
4 |
0 |
|z Texto completo
|u https://projectmuse.uam.elogim.com/book/89923/
|
| 945 |
|
|
|a Project MUSE - Custom Collection
|
| 945 |
|
|
|a Project MUSE - 2021 Complete
|
| 945 |
|
|
|a Project MUSE - 2021 Literature
|